000
00301nam a22001337a 4500
008
170412b xxu||||| |||| 00| 0 eng d
020
_a
9780763743864
041
_a
eng
080
_a
618
100
_a
10
101
_a
SHM
245
_a
STEM CELLS HUMAN EMBRYONIC
_c
KIESSLING.A.A
942
_2
udc
_c
BK
999
_c
10551
_d
10551